Management I

Na minha lista:
Detalhes bibliográficos
Autor principal: Porvazník, Ján
Autor Corporativo: Univerzita Tomáše Bati ve Zlíně. Fakulta managementu a ekonomiky
Outros Autores: Ladová, Janka, Rajošová, Veronika, Kacr, Josef
Formato: Livro
Idioma:tcheco
Publicado em: Zlín Univerzita Tomáše Bati ve Zlíně 2008
Assuntos:
Tags: Adicionar Tag
Sem tags, seja o primeiro a adicionar uma tag!

MARC

LEADER 00000nam$a2200000$$$4500
001 0085551
005 20240502083227.3
020 |a 978-80-7318-693-7 
041 0 |a cze 
044 |a CZ 
245 1 0 |a Management I  |c Ján Porvazník, Janka Ladová, Veronika Rajošová 
264 1 |a Zlín  |b Univerzita Tomáše Bati ve Zlíně  |c 2008 
300 |a 202 s. 
610 2 0 |a manažment 
610 2 0 |a organizácie 
610 2 0 |a riadenie podnikové 
100 1 |a Porvazník, Ján 
700 1 |a Ladová, Janka 
700 1 |a Rajošová, Veronika 
700 1 |a Kacr, Josef 
710 2 |a Univerzita Tomáše Bati ve Zlíně. Fakulta managementu a ekonomiky